Η πρόταση οδηγίας σχετικά με την πρόσβαση στην αγορά λιμενικών υπηρεσιών και οι επιδράσεις της στο ευρωπαϊκό λιμενικό σύστημα : διπλωματική εργασία

Saved in:
Bibliographic Details
Main Author: Πορτοκάλη, Ζαφείρω
Corporate Author: Πανεπιστήμιο Αιγαίου Σχολή Επιστημών της Διοίκησης Τμήμα Ναυτιλίας και Επιχειρηματικών Υπηρεσιών Πρόγραμμα Μεταπτυχιακών Σπουδών "Ναυτιλία, Μεταφορές και Διεθνές Εμπόριο - ΝΑ.Μ.Ε."
Other Authors: Λίτινας, Νικόλαος (Thesis advisor), Πάλλης, Αθανάσιος Α. (Thesis advisor), Πολυδωροπούλου, Αμαλία (Thesis advisor)
Format: Thesis Book
Language:Greek
Published: 2005
Subjects:
Online Access:http://hdl.handle.net/11610/13004
Tags: Add Tag
No Tags, Be the first to tag this record!

MARC

LEADER 00000cam a2200000 i 4500
001 1/25401
008 060301s2005 gre d
035 |l 10082905 
040 |a GR-MY-UA  |b gre  |e aacr 
041 0 |a gre 
082 0 |a 387.10289  |2 (22) 
100 1 |a Πορτοκάλη, Ζαφείρω. 
245 1 2 |a Η πρόταση οδηγίας σχετικά με την πρόσβαση στην αγορά λιμενικών υπηρεσιών και οι επιδράσεις της στο ευρωπαϊκό λιμενικό σύστημα :  |b διπλωματική εργασία /  |c Πορτοκάλη Ζαφειρώ ; επιβλέπων Πάλλης Αθανάσιος ; διευθυντές σπουδών Πολυδωροπούλου Αμαλία, Λίτινας Νικόλαος 
260 |c 2005 
300 |a 183 σ.;  |b πίν.;  |c 30 εκ. 
502 |a Διατριβή (μεταπτυχιακή) – Πανεπιστήμιο Αιγαίου, Χίος, 2005. 
504 |a Περιλαμβάνει βιβλιογραφία 
610 2 0 |a Πανεπιστήμιο Αιγαίου. 
650 0 0 |a Shipping  |x Safety measures. 
650 0 0 |a Ships  |x Safety regulations. 
650 0 0 |a Harbors  |x Safety measures. 
650 0 0 |a International Ship and Port Facility Security Code. 
650 0 0 |a Shipping  |x Government policy  |z European Economic Community countries. 
650 0 0 |a Dissertations, Academic  |z Greece. 
700 1 |a Λίτινας, Νικόλαος.  |4 ths 
700 1 |4 ths  |a Πάλλης, Αθανάσιος Α. 
700 1 |4 ths  |a Πολυδωροπούλου, Αμαλία. 
710 1 |a Πανεπιστήμιο Αιγαίου  |b Σχολή Επιστημών της Διοίκησης  |b Τμήμα Ναυτιλίας και Επιχειρηματικών Υπηρεσιών  |b Πρόγραμμα Μεταπτυχιακών Σπουδών "Ναυτιλία, Μεταφορές και Διεθνές Εμπόριο - ΝΑ.Μ.Ε.". 
852 |a INST  |b CHIOS  |c DIATR  |e 20060301  |h 387.10289 ΠΟΡ  |p 005200024574  |q 005200024574  |t MTXE  |y 23 
852 |a INST  |b CHIOS  |c DIATR  |e 20060301  |h 387.10289 ΠΟΡ  |p 005200024575  |q 005200024575  |t MTXE  |y 23 
856 |u http://hdl.handle.net/11610/13004 
901 |a BIBL2-2006-3 
909 |a Χ  |b 119670 
909 |a Χ  |b 119671 
924 |a ΠΟΡΤΟΚΑΛΗ  |b ΖΑΦΕΙΡΩ  |y ΧΙΟΣ  |z 2005-10 
970 |a ΒΑΣΙΛΑΚΗ  |b ΝΙΚΗ  |z 2006/03/01